| 000 | 01629nam0a2200301 4500 | ||
|---|---|---|---|
| 001 | RU\NLR\bibl\1338161 | ||
| 005 | 20250615165643.0 | ||
| 021 |
_aRU _b2008-108519 _96403 |
||
| 035 | _a(NLR Aleph) 001323341 | ||
| 090 |
_a754007 _c754007 |
||
| 100 | _a20090310d2008 |||y0rusy50 ca | ||
| 101 | 0 | _arus | |
| 102 | _aRU | ||
| 105 | _ay ||||||||| | ||
| 200 | 1 |
_aХимическая безопасность населения _e[учебное пособие] _fА.Я. Васин _gМ-во образования и науки Рос. Федерации, Федер. агентство по образованию, Рос. хим.-технол. ун-т им. Д.И. Менделеева |
|
| 210 |
_aМосква _cРоссийский химико-технологический университет _d2008 |
||
| 215 |
_a139 с. _d21 |
||
| 320 | _aБиблиогр.: с. 136-137 (18 назв.) | ||
| 606 | 1 |
_aХимические заводы _jУчебные издания для высших учебных заведений _xАварии _xМедико-санитарное обслуживание населения _92223648 _3RU\NLR\auth\661335059 |
|
| 606 | 1 |
_aХимические заводы _jУчебные издания для высших учебных заведений _xАварии _xЗащита населения _92566787 _3RU\NLR\auth\661518054 |
|
| 686 | _aР11(2)23я73 | ||
| 686 | _aЦ69,6(2Р)0-52я73 | ||
| 700 | 1 |
_aВасин _bА. Я. _gАлексей Яковлевич _4070 |
|
| 801 | 0 |
_aRU _bNLR _c20090310 _gRCR |
|
| 801 | 1 |
_aRU _bNLR _c20090310 |
|
| 942 | _cBOOK | ||
| 980 | _aNB | ||